Nuevos estudios sobre derecho tributario

Detalles Bibliográficos
Autor principal: Toscano Soria, Luis
Formato: eBook
Lenguaje:español
Publicado: Quito: Corporacin̤ Editoria Nacional, 2006
Materias:
Acceso en línea:Acceso restringido

MARC

LEADER 00000nam a22000007a 4500
005 20141021213732.0
007 cr|||| ||||
008 141021s2006 ec |||||s|||| 00||0 spa d
020 |a 978-9978-84-426-7 
035 |a 12488 
040 |a vLex 
090 |c 5257  |d 5257 
100 1 |a Toscano Soria, Luis 
245 1 0 |a Nuevos estudios sobre derecho tributario  |h [Recurso electrn̤ico] /  |c Luis Toscano Soria 
256 |a Servicio en ln̕ea 
260 |a Quito:  |b Corporacin̤ Editoria Nacional,  |c 2006 
300 |a 1 recurso electrn̤ico 
506 1 |a Disponible solo en los productos indicados  |d vLex Global  |d vLex Global (Academic Edition, excluding Law Schools)  |d vLex Global (U.S. Academic Edition, Law Schools)  |d vLex Global (U.S. Academic Edition, excluding Law Schools)  |d vLex Global (Academic Edition, Law Schools) 
650 0 4 |a Derecho Fiscal  |z Ecuador 
740 0 |a vLex Libros (Servicio en ln̕ea) 
856 4 0 |u http://vlex.com/source/nuevos-estudios-sobre-derecho-tributario-12488  |z Acceso restringido 
942 |c BOOK 
999 0 |a Tax Law